Combination 2 /

সংরক্ষণ করুন:
গ্রন্থ-পঞ্জীর বিবরন
প্রধান লেখক: Sei, Leeza
বিন্যাস: গ্রন্থ
ভাষা:ইংরেজি
প্রকাশিত: Planet Manga 2002
ট্যাগগুলো: ট্যাগ যুক্ত করুন
কোনো ট্যাগ নেই, প্রথমজন হিসাবে ট্যাগ করুন!

MARC

LEADER 00000nam a2200000 4500
005 20251010151419.0
008 231108b |||||||| 6||| 00| 0 eng d
040 |c ct 
082 |a 741.5952 
100 |a Sei, Leeza 
245 |a Combination 2 /  |c Leeza Sei 
260 |b Planet Manga  |c 2002 
690 |a Fumetti 
942 |2 ddc  |c BK  |n 0 
952 |0 0  |1 0  |2 ddc  |4 0  |6 741_500000000000000_SEI_COM  |7 1  |9 468  |a GE  |b GE  |d 2023-12-15  |l 0  |o 741.5 SEI COM  |p 4761  |r 2023-12-16 21:47:25  |w 2023-12-16  |y BK 
999 |c 377  |d 377